| Поле | Название | Значение |
| |
Тип записи |
a |
| |
Библиографический уровень |
a |
| 001 |
Контрольный номер |
RU/CBS_UL/BASE/f9ae0da9f38c4c91867cf2bdae2b2b22 |
| 005 |
Дата корректировки |
20240220155651.6 |
| 100 |
Данные общей обработки |
__ |
| a |
Данные общей обработки |
20240220 ||| 0rusy0189 ca |
| 101 |
Язык документа |
0_ |
| a |
Язык текста |
rus |
| 102 |
Страна публикации |
__ |
| a |
Страна публикации |
RU |
| 200 |
Заглавие и сведения об ответственности |
1_ |
| a |
Заглавие |
Радмир Беляев: "Мы воспитываем патриотов Родины" |
| e |
Сведения, относящиеся к заглавию |
[статья] |
| f |
Первые сведения об ответственности |
Р. Шамсутдинова, Ф. Лотфуллина |
| 300 |
Общие примечания |
__ |
| a |
Общие примечания |
16+ |
| 461 |
Уровень набора |
_0 |
| 1 |
|
2000 |
| a |
|
Магариф |
| 463 |
Уровень физической единицы |
_0 |
| 1 |
|
2000 |
| a |
|
№ 2 |
| v |
|
С. 4-11 : фото |
| 1 |
|
2101 |
| d |
|
2024 |
| 1 |
|
001RU/CBS_UL/BASE/936f9cacf19e4fc983cae63a3c1f0b4a |
| 600 |
Персоналии |
_1 |
| a |
Персоналии (Фамилия) |
Менделеев |
| b |
Персоналии (Имя, инициалы) |
Д. |
| g |
Полное имя |
Дмитрий |
| 600 |
Персоналии |
_1 |
| a |
Персоналии (Фамилия) |
Пастернак |
| b |
Персоналии (Имя, инициалы) |
Б. |
| g |
Полное имя |
Борис |
| 606 |
Тематические рубрики |
0_ |
| a |
Основная рубрика |
Образовательная политика |
| y |
Географическая подрубрика |
Менделеевск, город (Татария) |
| y |
Географическая подрубрика |
Кама, река (Европейская часть РФ) |
| 610 |
Ключевые слова |
0_ |
| a |
Ключевые слова |
Менделеевская долина (центры детских и юношеских компетенций) |
| 610 |
Ключевые слова |
0_ |
| a |
Ключевые слова |
Аммоний (химические комплексы) |
| 610 |
Ключевые слова |
0_ |
| a |
Ключевые слова |
Потомки Менделеева (химико-технологические лицеи) |
| 610 |
Ключевые слова |
0_ |
| a |
Ключевые слова |
Атмосфера (арт-пространство) |
| 610 |
Ключевые слова |
0_ |
| a |
Ключевые слова |
Ушковские химические производства |
| 610 |
Ключевые слова |
0_ |
| a |
Ключевые слова |
Ижминводы (санатории) |
| 610 |
Ключевые слова |
0_ |
| a |
Ключевые слова |
гимназии |
| 610 |
Ключевые слова |
0_ |
| a |
Ключевые слова |
татарские гимназии |
| 686 |
Индексы других классификаций |
__ |
| 2 |
Код системы |
rubbk |
| a |
Классификационный индекс |
74 |
| 700 |
Автор |
_1 |
| a |
Фамилия |
Шамсутдинова |
| b |
Имя (инициалы) |
Р. |
| 701 |
Альтернативная интеллектуальная ответственность |
_1 |
| a |
Фамилия |
Лотфуллина |
| b |
Имя (инициалы) |
Ф. |
| 801 |
Источник записи |
_0 |
| a |
Страна |
RU |
| b |
Организация |
МБУК ЦБС г. Ульяновска |
| c |
Дата составления |
20240220 |
| g |
Правила каталогизации |
RCR |
| 801 |
Источник записи |
_1 |
| a |
Страна |
RU |
| b |
Организация |
МБУК ЦБС г. Ульяновска |
| c |
Дата составления |
20240220 |
| g |
Правила каталогизации |
RCR |
| 901 |
Тип документа |
__ |
| t |
Тип документа |
b |
| w |
Контрольный № источника |
RU/CBS_UL/BASE/936f9cacf19e4fc983cae63a3c1f0b4a |